Fundamentals of Reinforced concrete/ (Record no. 5119)

MARC details
000 -LEADER
fixed length control field 00627nam a22001937a 4500
003 - CONTROL NUMBER IDENTIFIER
control field OSt
005 - DATE AND TIME OF LATEST TRANSACTION
control field 20251024072932.0
008 - FIXED-LENGTH DATA ELEMENTS--GENERAL INFORMATION
fixed length control field 251024b |||||||| |||| 00| 0 eng d
020 ## - INTERNATIONAL STANDARD BOOK NUMBER
International Standard Book Number 978-8510-94-0
040 ## - CATALOGING SOURCE
Original cataloging agency DWC-Main lib.
Transcribing agency OC
082 ## - DEWEY DECIMAL CLASSIFICATION NUMBER
Classification number Fil. 624.18341 B554f 2013
100 ## - MAIN ENTRY--PERSONAL NAME
Personal name Venancio I. Besavilla Jr.
245 ## - TITLE STATEMENT
Title Fundamentals of Reinforced concrete/
Statement of responsibility, etc. Venancio I. Besavilla Jr.
260 ## - PUBLICATION, DISTRIBUTION, ETC.
Place of publication, distribution, etc. Cebu City:
Name of publisher, distributor, etc. VIB Publisher
Date of publication, distribution, etc. , c2013
300 ## - PHYSICAL DESCRIPTION
Extent vol.3 , 943 pages
Other physical details : illustrations
Dimensions ; 21cm.
504 ## - BIBLIOGRAPHY, ETC. NOTE
Bibliography, etc. note Includes bibliographical references
650 ## - SUBJECT ADDED ENTRY--TOPICAL TERM
Topical term or geographic name entry element Reinforced concrete
942 ## - ADDED ENTRY ELEMENTS (KOHA)
Source of classification or shelving scheme Dewey Decimal Classification
Koha item type Book-Filipiniana
Call number prefix Fil.
Suppress in OPAC No

No items available.